000 00554nam a2200229Ia 4500
003 OSt
005 20220918175457.0
006 a|||||r|||| 00| 0
007 ta
008 220917b |||||||| |||| 00| 0 eng d
024 _a17,474
037 _cTextual
040 _aARTS
_cARTS
_beng
041 _2eng
_aeng
082 _aQ821z7, G0
100 _aColton Elizabeth S
_954038
245 0 _aAmong the Sikhs
260 _c1930
650 _aRELIGION
942 _hQ821z7, G0
_cTEXL
_2CC
999 _c157648
_d157648